[Event "SR 1. liga zapad 2015/2016"]
[Site "?"]
[Date "2015.10.25"]
[Round "2.4"]
[White "Berczes, Csaba"]
[Black "Lazo, Juraj"]
[Result "1-0"]
[WhiteElo "2361"]
[BlackElo "2058"]
[PlyCount "79"]
[EventDate "2015.??.??"]

1. Nf3 Nf6 2. g3 e6 3. Bg2 d5 4. O-O c6 5. d3 Be7 6. Nbd2 O-O 7. e4 dxe4 8.
dxe4 Qc7 9. b3 Rd8 10. Qe2 b6 11. Bb2 Ba6 12. c4 Nbd7 13. e5 Ne8 14. Nd4 Bb7
15. f4 Nf8 16. Ne4 Rd7 17. f5 exf5 18. Nxf5 Ng6 19. Ned6 Rad8 20. e6 Nxd6 21.
Nxg7 Bf8 22. Nh5 Ne8 23. exd7 Bc5+ 24. Kh1 Qxd7 25. Rad1 Qe7 26. Qxe7 Bxe7 27.
Rxd8 Bxd8 28. Nf6+ Nxf6 29. Bxf6 Bxf6 30. Rxf6 Kg7 31. Rd6 Ne5 32. Rd8 Ba6 33.
Ra8 b5 34. cxb5 Bxb5 35. Rxa7 Kf6 36. a4 Bd3 37. a5 Ke6 38. a6 Kd6 39. Ra8 Kc7
40. a7 1-0

[Event "SR 1. liga zapad 2015/2016"]
[Site "?"]
[Date "2015.10.25"]
[Round "2.4"]
[White "Pupak, Tomas"]
[Black "Farkas, Gabor"]
[Result "1/2-1/2"]
[WhiteElo "2034"]
[BlackElo "2348"]
[PlyCount "82"]
[EventDate "2015.??.??"]

1. Nf3 d5 2. c4 c6 3. g3 Nf6 4. Bg2 Bg4 5. Qb3 Qb6 6. Qxb6 axb6 7. cxd5 cxd5 8.
Nc3 Nc6 9. d3 Bxf3 10. exf3 Nb4 11. O-O Nxd3 12. Be3 e6 13. Bxb6 Nxb2 14. Rfb1
Nc4 15. Bf1 Rc8 16. Bxc4 Rxc4 17. Nb5 Be7 18. Rc1 Rc6 19. Be3 Kd7 20. Rcb1 Bc5
21. Nd4 Rc7 22. Nb5 Bxe3 23. fxe3 Rc5 24. Nd4 Rb8 25. a4 e5 26. Nb5 Ne8 27. a5
Ra8 28. Ra3 f6 29. Nc3 Kc7 30. Rab3 Nd6 31. Nb5+ Nxb5 32. Rxb5 Rxb5 33. Rxb5
Ra6 34. Rxd5 Kc6 35. e4 Ra8 36. Kf2 h5 37. h4 Re8 38. g4 Kc7 39. Kg3 hxg4 40.
fxg4 Re6 41. h5 Rc6 1/2-1/2

[Event "SR 1. liga zapad 2015/2016"]
[Site "?"]
[Date "2015.10.25"]
[Round "2.4"]
[White "Janko, Michal"]
[Black "Podoba, Milan"]
[Result "1-0"]
[WhiteElo "2258"]
[BlackElo "2100"]
[PlyCount "55"]
[EventDate "2015.??.??"]

1. d4 d5 2. c4 c6 3. Nf3 Nf6 4. Nc3 dxc4 5. e4 b5 6. e5 Nd5 7. a4 Nxc3 8. bxc3
g6 9. h4 h5 10. Ng5 Bg4 11. f3 Bc8 12. Qe2 Qd5 13. g3 Bh6 14. Bg2 Bxg5 15. hxg5
Qd7 16. axb5 cxb5 17. e6 Qd6 18. f4 Nc6 19. Ba3 b4 20. Qxc4 Bb7 21. exf7+ Kf8
22. Bxb4 Nxb4 23. Bxb7 Nc2+ 24. Kd2 Nxa1 25. Bxa8 Qa3 26. Rb1 Kg7 27. Be4 a5
28. Qe6 1-0

[Event "SR 1. liga zapad 2015/2016"]
[Site "?"]
[Date "2015.10.25"]
[Round "2.4"]
[White "Sukuba, Zdeno"]
[Black "Janko, Ladislav"]
[Result "1-0"]
[WhiteElo "2112"]
[BlackElo "2166"]
[PlyCount "107"]
[EventDate "2015.??.??"]

1. c4 g6 2. Nc3 Bg7 3. g3 c5 4. Bg2 Nc6 5. d3 Nf6 6. e4 O-O 7. Nge2 d6 8. O-O
Rb8 9. Bd2 a6 10. a4 Bd7 11. Nd5 Nxd5 12. exd5 Ne5 13. Bc3 Bf5 14. Nc1 b5 15.
axb5 axb5 16. b3 bxc4 17. dxc4 Bg4 18. Qc2 Qb6 19. f4 Nd7 20. Bxg7 Kxg7 21. h3
Bf5 22. Qc3+ Nf6 23. g4 Qb4 24. Qxb4 Rxb4 25. gxf5 gxf5 26. Ra7 Re8 27. Bf3 Ne4
28. Bxe4 fxe4 29. f5 Kf6 30. Kf2 Rg8 31. Ke3 Rg3+ 32. Kxe4 Rxh3 33. Re1 Rb8 34.
Kf4 Re8 35. Rd7 Rh4+ 36. Kg3 Rd4 37. Rxd6+ Kxf5 38. Rh6 Rg8+ 39. Kh2 Rd2+ 40.
Kh1 Rb2 41. Rh2 Rxh2+ 42. Kxh2 e6 43. d6 Rd8 44. Rd1 e5 45. Rd5 Ke6 46. Nd3
Rxd6 47. Nxc5+ Ke7 48. Rxd6 Kxd6 49. Ne4+ Ke7 50. b4 f5 51. Nc3 Kd6 52. Kg3 h6
53. b5 h5 54. b6 1-0

[Event "SR 1. liga zapad 2015/2016"]
[Site "?"]
[Date "2015.10.25"]
[Round "2.4"]
[White "Balogh, Peter"]
[Black "Bombek, Peter"]
[Result "1/2-1/2"]
[WhiteElo "2178"]
[BlackElo "2157"]
[PlyCount "97"]
[EventDate "2015.??.??"]

1. e4 e6 2. d4 d5 3. exd5 exd5 4. Nf3 Nf6 5. Bg5 Bd6 6. Bd3 Qe7+ 7. Qe2 Qxe2+
8. Bxe2 Ne4 9. Be3 O-O 10. Nbd2 Nxd2 11. Nxd2 Bf5 12. O-O-O Nd7 13. g4 Be6 14.
g5 c5 15. c3 Rfe8 16. Bf3 cxd4 17. Bxd4 Ne5 18. Bxe5 Bxe5 19. Nb3 Bf4+ 20. Kb1
Bf5+ 21. Ka1 Be4 22. Bxe4 dxe4 23. h4 e3 24. fxe3 Bxe3 25. Rd7 b6 26. Rf1 Bf2
27. a4 Re1+ 28. Rxe1 Bxe1 29. h5 Bh4 30. Rd5 g6 31. hxg6 hxg6 32. Nd4 Rc8 33.
Nf3 Bg3 34. a5 Rc5 35. Rxc5 bxc5 36. b4 cxb4 37. cxb4 Bc7 38. Kb2 f6 39. Kc3
Kf7 40. Kd4 fxg5 41. Nxg5+ Kf6 42. Nf3 g5 43. Nxg5 Kxg5 44. Kd5 Bg3 45. b5 Bc7
46. b6 Bxb6 47. axb6 axb6 48. Kc6 b5 49. Kxb5 1/2-1/2

[Event "SR 1. liga zapad 2015/2016"]
[Site "?"]
[Date "2015.10.25"]
[Round "2.4"]
[White "Kutny, Marian Ml"]
[Black "Dvorsky, Jozef"]
[Result "1/2-1/2"]
[WhiteElo "1980"]
[BlackElo "2036"]
[PlyCount "73"]
[EventDate "2015.??.??"]

1. d4 f5 2. c4 Nf6 3. Nc3 e6 4. Nf3 d5 5. e3 c6 6. Bd3 Bd6 7. O-O O-O 8. c5 Bc7
9. b4 Ne4 10. Bb2 Nd7 11. a4 e5 12. dxe5 Nxe5 13. Nxe4 Nxf3+ 14. gxf3 fxe4 15.
fxe4 Qg5+ 16. Kh1 Bg4 17. f4 Bxd1 18. fxg5 Rxf1+ 19. Bxf1 Bf3+ 20. Bg2 Bxg2+
21. Kxg2 dxe4 22. Rd1 Rd8 23. Rxd8+ Bxd8 24. h4 Bc7 25. Bc3 Kf7 26. Be1 Be5 27.
Bg3 Ke6 28. Bxe5 Kxe5 29. Kg3 a5 30. bxa5 g6 31. Kg4 Ke6 32. Kg3 Kf5 33. Kh3
Ke5 34. Kg4 Ke6 35. Kg3 Kf5 36. Kh3 Ke5 37. Kg4 1/2-1/2

[Event "SR 1. liga zapad 2015/2016"]
[Site "?"]
[Date "2015.10.25"]
[Round "2.5"]
[White "Gasa, Andrej"]
[Black "Smolen, Jan"]
[Result "1-0"]
[WhiteElo "2327"]
[BlackElo "2437"]
[PlyCount "203"]
[EventDate "2015.??.??"]

1. e4 e6 2. d4 d5 3. Nc3 Bb4 4. exd5 exd5 5. Bd3 Nc6 6. Nge2 Nf6 7. O-O Bg4 8.
f3 Bh5 9. Bb5 Bg6 10. Nf4 Qd6 11. Nce2 a6 12. Ba4 b5 13. a3 Ba5 14. Bb3 Bb6 15.
c3 Ne7 16. a4 O-O 17. Nxg6 Nxg6 18. Ng3 Rae8 19. Bc2 c6 20. Nf5 Qd7 21. Bg5 Re6
22. axb5 axb5 23. Qd2 Rfe8 24. Rae1 Bd8 25. Rxe6 Qxe6 26. Ng3 Bc7 27. Bf5 Qe7
28. Kf2 h6 29. Bxf6 Qxf6 30. Bxg6 Bf4 31. Re1 Rxe1 32. Bxf7+ Kxf7 33. Qxe1 Qg6
34. Qd1 h5 35. Nf1 h4 36. g3 Bd6 37. b4 h3 38. Ne3 Qe6 39. Qd3 g6 40. Ng4 Qe8
41. Qf1 Qh8 42. f4 Kg7 43. Qe2 Qc8 44. Ne3 Qa8 45. Kf3 Qa1 46. Nd1 Qb1 47. Nf2
Qc1 48. Qd3 Qg1 49. Nxh3 Qxh2 50. Nf2 Kf7 51. Qf1 Qh5+ 52. Kg2 Qf5 53. Qd3 Qe6
54. Qd2 Kg7 55. Qd1 Kf7 56. Qg4 Qe7 57. f5 gxf5 58. Qxf5+ Kg7 59. Kf3 Qf6 60.
Qxf6+ Kxf6 61. Nd3 Kf5 62. Nc1 Bf8 63. g4+ Ke6 64. Kf4 Bd6+ 65. Kg5 Bg3 66. Nd3
Bh2 67. Nc5+ Ke7 68. Kf5 Bg1 69. g5 Be3 70. Nb3 Bf2 71. Nc1 Be1 72. Ne2 Bd2 73.
g6 Bh6 74. Nf4 Kf8 75. Ne6+ Ke7 76. g7 Kf7 77. Ke5 Bd2 78. Nd8+ Kxg7 79. Nxc6
Bxc3 80. Kxd5 Kf7 81. Kc5 Ke6 82. Na7 Be1 83. Nxb5 Kd7 84. Na3 Bh4 85. Nc4 Be7+
86. Kb5 Ke6 87. Nb6 Bf6 88. Kc4 Kd6 89. b5 Bd8 90. Na4 Bh4 91. Nc3 Bd8 92. Ne4+
Kc7 93. d5 Be7 94. Nd2 Bd6 95. Kd4 Bh2 96. Nc4 Bg3 97. b6+ Kd7 98. Kc5 Bh2 99.
Kb5 Bg1 100. Ka6 Kc8 101. Ka7 Kd7 102. Ka8 1-0

[Event "SR 1. liga zapad 2015/2016"]
[Site "?"]
[Date "2015.10.25"]
[Round "2.5"]
[White "Schwarz, Dusan"]
[Black "Cajka, Tibor"]
[Result "1-0"]
[WhiteElo "2315"]
[BlackElo "2135"]
[PlyCount "83"]
[EventDate "2015.??.??"]

1. e4 c6 2. d4 g6 3. Nc3 d5 4. h3 Bg7 5. Nf3 dxe4 6. Nxe4 Nf6 7. Nxf6+ Bxf6 8.
Bh6 Qa5+ 9. c3 Be6 10. Be2 Nd7 11. b4 Qc7 12. O-O Nb6 13. Qd2 Nc4 14. Bxc4 Bxc4
15. Rfe1 O-O-O 16. Bf4 Qd7 17. Bh2 g5 18. Nxg5 Qf5 19. Qf4 Qxf4 20. Bxf4 Bd5
21. Ne4 Rhg8 22. Re3 Rg6 23. g3 Bxe4 24. Rxe4 e6 25. Rb1 Rd5 26. Be5 Bxe5 27.
Rxe5 Kd7 28. Rbe1 Kd6 29. Kg2 f5 30. Kf3 h5 31. Kf4 b6 32. Rd1 b5 33. a4 bxa4
34. Ra1 Rxe5 35. dxe5+ Kd5 36. Rxa4 Kc4 37. Rxa7 Kxc3 38. Rc7 Kxb4 39. Rxc6 Kb5
40. Rc7 h4 41. gxh4 Kb6 42. h5 1-0

[Event "SR 1. liga zapad 2015/2016"]
[Site "?"]
[Date "2015.10.25"]
[Round "2.5"]
[White "Jozefek, Michal"]
[Black "Macko, Peter"]
[Result "1-0"]
[WhiteElo "2220"]
[BlackElo "2156"]
[PlyCount "87"]
[EventDate "2015.??.??"]

1. d4 Nf6 2. c4 c5 3. d5 b5 4. cxb5 a6 5. Nc3 axb5 6. e4 b4 7. Nb5 d6 8. Bf4
Nxe4 9. Qe2 g5 10. Qxe4 gxf4 11. Bc4 Bg7 12. Ne2 O-O 13. Nxf4 Nd7 14. Nh5 Nf6
15. Nxf6+ exf6 16. O-O f5 17. Qc2 Qf6 18. Rad1 Rb8 19. a4 Bd7 20. b3 h6 21. f4
Rfe8 22. Qd2 Re4 23. g3 Rbe8 24. Rfe1 Kh7 25. Kf1 Qg6 26. Qg2 h5 27. Bd3 Bxb5
28. axb5 R4e7 29. Qh3 Kg8 30. Qxf5 Qxf5 31. Bxf5 Rxe1+ 32. Rxe1 Rxe1+ 33. Kxe1
Bf6 34. b6 Bd8 35. b7 Bc7 36. Ke2 Kg7 37. Kd3 Kf6 38. Bh3 Ke7 39. Kc4 Kd8 40.
Kb5 Bb8 41. Kc6 Ke7 42. Bf1 h4 43. gxh4 Kf6 44. Bd3 1-0

[Event "SR 1. liga zapad 2015/2016"]
[Site "?"]
[Date "2015.10.25"]
[Round "2.5"]
[White "Vrbova, Niki"]
[Black "Karas, Marek"]
[Result "0-1"]
[WhiteElo "2141"]
[BlackElo "2280"]
[PlyCount "82"]
[EventDate "2015.??.??"]

1. e4 c6 2. c4 d5 3. cxd5 cxd5 4. exd5 Nf6 5. Nc3 Nxd5 6. d4 Nc6 7. Bc4 e6 8.
Nf3 Nb6 9. Bb5 Be7 10. O-O O-O 11. Re1 Nb4 12. a3 N4d5 13. Bd3 Qc7 14. Qc2 h6
15. Bd2 Nxc3 16. bxc3 Nc4 17. Ne5 Nxd2 18. Qxd2 b6 19. Bc2 Ba6 20. Qe3 Rac8 21.
Rec1 Bd6 22. Ng4 Qe7 23. a4 Bc4 24. a5 b5 25. Ne5 Bxe5 26. Qxe5 Rfd8 27. Qe4 g6
28. Qe3 Kg7 29. Rcb1 a6 30. f4 Rd7 31. Re1 Qf6 32. Qg3 b4 33. cxb4 Rxd4 34. f5
exf5 35. Bd1 Bd5 36. Rb1 Be4 37. Bf3 Bxb1 38. Rxb1 Rdc4 39. h3 Rc1+ 40. Rxc1
Rxc1+ 41. Kh2 Qd4 0-1

[Event "SR 1. liga zapad 2015/2016"]
[Site "?"]
[Date "2015.10.25"]
[Round "2.5"]
[White "Spacek, Oliver"]
[Black "Bednar, Jan"]
[Result "1/2-1/2"]
[WhiteElo "2104"]
[BlackElo "2129"]
[PlyCount "30"]
[EventDate "2015.??.??"]

1. d4 Nf6 2. Nf3 g6 3. Bf4 Bg7 4. Nbd2 O-O 5. e4 d6 6. h3 Nc6 7. Bc4 Nxd4 8.
Nxd4 e5 9. Be3 exd4 10. Bxd4 Re8 11. O-O Be6 12. Bd3 Nxe4 13. Nxe4 Bxd4 14. Bb5
Bg7 15. Bxe8 Qxe8 1/2-1/2

[Event "SR 1. liga zapad 2015/2016"]
[Site "?"]
[Date "2015.10.25"]
[Round "2.5"]
[White "Polacik, Igor"]
[Black "Bury, Rastislav"]
[Result "1/2-1/2"]
[WhiteElo "2125"]
[BlackElo "2119"]
[PlyCount "20"]
[EventDate "2015.??.??"]

1. e4 c5 2. Nf3 d6 3. Bb5+ Bd7 4. Bxd7+ Qxd7 5. O-O Nf6 6. Re1 Nc6 7. c3 e6 8.
d4 cxd4 9. cxd4 d5 10. e5 Ne4 1/2-1/2

[Event "SR 1. liga zapad 2015/2016"]
[Site "?"]
[Date "2015.10.25"]
[Round "2.5"]
[White "Polasek, Filip"]
[Black "Krajnak, Robert"]
[Result "1/2-1/2"]
[WhiteElo "2088"]
[BlackElo "2073"]
[PlyCount "26"]
[EventDate "2015.??.??"]

1. e4 c5 2. Nf3 e6 3. d4 cxd4 4. Nxd4 Nc6 5. Nc3 d6 6. Be3 Qc7 7. Qd2 a6 8. Be2
Nxd4 9. Bxd4 b5 10. a3 Nf6 11. Rd1 Bb7 12. Bf3 Rd8 13. O-O Nd7 1/2-1/2

[Event "SR 1. liga zapad 2015/2016"]
[Site "?"]
[Date "2015.10.25"]
[Round "2.6"]
[White "Bango, Lukas"]
[Black "Maslik, Miroslav"]
[Result "0-1"]
[WhiteElo "2078"]
[BlackElo "2333"]
[PlyCount "94"]
[EventDate "2015.??.??"]

1. e4 d6 2. d4 g6 3. f4 Bg7 4. Nc3 a6 5. a4 Nc6 6. Be3 Nf6 7. h3 O-O 8. Bc4
Nxe4 9. Bxf7+ Rxf7 10. Nxe4 e5 11. dxe5 Re7 12. Nf3 Bf5 13. Nc3 dxe5 14. Qd5+
Be6 15. Qxd8+ Rxd8 16. fxe5 Ree8 17. O-O Nxe5 18. Nxe5 Bxe5 19. Bg5 Bd4+ 20.
Kh1 Rd7 21. Rae1 Rf7 22. Rxf7 Bxf7 23. Rd1 c5 24. a5 Kg7 25. Na4 h6 26. Bd2 Re2
27. Nc3 Re5 28. Na4 Be8 29. Nc3 Bc6 30. Bf4 Re8 31. Bd2 g5 32. b3 Kg6 33. Re1
Rxe1+ 34. Bxe1 Kf5 35. Nd1 Ke4 36. c3 Be5 37. Kg1 Kd3 38. Nb2+ Kc2 39. Nc4 Bxc3
40. Bxc3 Kxc3 41. Kf2 Kxb3 42. Ne3 Kb4 43. g4 Kxa5 44. Nf5 Kb4 45. Nxh6 a5 46.
Ke2 a4 47. Kd2 a3 0-1

[Event "SR 1. liga zapad 2015/2016"]
[Site "?"]
[Date "2015.10.25"]
[Round "2.6"]
[White "Balogh, Tomas"]
[Black "Puskar, Peter"]
[Result "1/2-1/2"]
[WhiteElo "2344"]
[BlackElo "2084"]
[PlyCount "43"]
[EventDate "2015.??.??"]

1. d4 Nf6 2. Nf3 e6 3. e3 b6 4. Nbd2 Bb7 5. b3 Be7 6. Bb2 O-O 7. Be2 d6 8. O-O
Nbd7 9. c4 c5 10. Qc2 Rc8 11. Rac1 Qc7 12. Rfd1 Qb8 13. Qb1 Rfd8 14. Qa1 Qa8
15. Nf1 cxd4 16. exd4 d5 17. Ne3 Rc7 18. a4 a5 19. Ba3 Bxa3 20. Qxa3 Nb8 21. h3
Na6 22. cxd5 1/2-1/2

[Event "SR 1. liga zapad 2015/2016"]
[Site "?"]
[Date "2015.10.25"]
[Round "2.6"]
[White "Szitkey, Milan"]
[Black "Macko, Miroslav"]
[Result "1-0"]
[WhiteElo "2109"]
[BlackElo "2168"]
[PlyCount "74"]
[EventDate "2015.??.??"]

1. e4 e5 2. Nf3 Nc6 3. Bb5 f5 4. Nc3 fxe4 5. Nxe4 Nf6 6. Qe2 d5 7. Ng3 e4 8. d3
Bb4+ 9. c3 O-O 10. dxe4 dxe4 11. Ng5 Ba5 12. O-O Kh8 13. N3xe4 Bb6 14. Be3 Qe7
15. Nxf6 Qxf6 16. Qh5 Bf5 17. Bxc6 bxc6 18. Rad1 h6 19. Nf3 Bxe3 20. fxe3 Qe6
21. Rde1 Qxa2 22. e4 Bh7 23. e5 Rae8 24. Nd4 Qd5 25. Rxf8+ Rxf8 26. Qe2 c5 27.
Qb5 Be4 28. Ne6 Bd3 29. Qxc5 Qxc5+ 30. Nxc5 Bc4 31. b3 Bg8 32. e6 Re8 33. e7
Bf7 34. Na6 Rc8 35. Rd1 Re8 36. Rd8 Kh7 37. Rxe8 Bxe8 1-0

[Event "SR 1. liga zapad 2015/2016"]
[Site "?"]
[Date "2015.10.25"]
[Round "2.6"]
[White "Slacky, Stanislav"]
[Black "Lukac, Roman"]
[Result "1-0"]
[WhiteElo "2204"]
[BlackElo "2084"]
[PlyCount "65"]
[EventDate "2015.??.??"]

1. d4 Nf6 2. c4 c5 3. Nf3 g6 4. g3 Bg7 5. Bg2 cxd4 6. Nxd4 Nc6 7. O-O O-O 8.
Nc3 Qb6 9. Nb3 d6 10. Be3 Qc7 11. Rc1 Bf5 12. Nd4 Bd7 13. h3 Nxd4 14. Bxd4 Bc6
15. Nd5 Bxd5 16. cxd5 Qd7 17. Qb3 Rfc8 18. Qe3 a6 19. g4 Ne8 20. Bxg7 Nxg7 21.
Kh2 h5 22. Bf3 hxg4 23. Bxg4 f5 24. Bf3 Qe8 25. Qh6 Kf7 26. Rg1 Qh8 27. Qxg6+
Kf8 28. Bh5 Qg8 29. Rcd1 Rc5 30. b4 Rc4 31. Rd3 Rh4 32. Rdg3 Rd8 33. Qxf5+ 1-0

[Event "SR 1. liga zapad 2015/2016"]
[Site "?"]
[Date "2015.10.25"]
[Round "2.6"]
[White "Nicolini, Alexander"]
[Black "Dujava, Daniel"]
[Result "1/2-1/2"]
[WhiteElo "2142"]
[BlackElo "2121"]
[PlyCount "43"]
[EventDate "2015.??.??"]

1. e4 c5 2. Nf3 e6 3. c3 Nf6 4. e5 Nd5 5. d4 cxd4 6. cxd4 d6 7. Nc3 Nxc3 8.
bxc3 Qc7 9. Bd2 Nd7 10. exd6 Bxd6 11. Bd3 b6 12. O-O Bb7 13. Rc1 Bf4 14. Be3
O-O 15. g3 Bd6 16. Nd2 Nf6 17. Nc4 Qc6 18. f3 Rac8 19. Nxd6 Qxd6 20. Bf4 Qa3
21. Qb3 Qa5 22. Be5 1/2-1/2

[Event "SR 1. liga zapad 2015/2016"]
[Site "?"]
[Date "2015.10.25"]
[Round "2.6"]
[White "Pytlik, Pavol"]
[Black "Puchart, Vladimir"]
[Result "1/2-1/2"]
[WhiteElo "2094"]
[BlackElo "2027"]
[PlyCount "75"]
[EventDate "2015.??.??"]

1. e4 c5 2. Nc3 Nc6 3. f4 g6 4. Nf3 Bg7 5. Bb5 Nd4 6. O-O Nxb5 7. Nxb5 a6 8.
Nc3 b5 9. d3 d6 10. Qe1 Bb7 11. Bd2 Nf6 12. Qh4 b4 13. Nd1 Nd7 14. a3 a5 15.
Rb1 c4 16. Kh1 Nc5 17. Ne1 b3 18. Nf2 bxc2 19. Nxc2 cxd3 20. Ne3 O-O 21. f5 Nb3
22. Bc3 Nd4 23. Nxd3 Ba6 24. Rbd1 Nc6 25. Bxg7 Kxg7 26. Ng4 h5 27. f6+ exf6 28.
Nxf6 Ne5 29. Qg5 Rh8 30. Nxe5 Bxf1 31. Nxf7 Kxf7 32. Rxf1 Kg7 33. e5 Rf8 34.
Nxh5+ Kh7 35. Nf6+ Kg7 36. Nh5+ Kh7 37. Nf6+ Kg7 38. Nh5+ 1/2-1/2

[Event "SR 1. liga zapad 2015/2016"]
[Site "?"]
[Date "2015.10.25"]
[Round "2.6"]
[White "Kolenak, Matus"]
[Black "Szeko, Ludovit"]
[Result "1-0"]
[WhiteElo "1992"]
[BlackElo "2032"]
[PlyCount "131"]
[EventDate "2015.??.??"]

1. Nf3 d5 2. d4 Nf6 3. c4 c6 4. Nc3 a6 5. e3 dxc4 6. Bxc4 b5 7. Bb3 e6 8. O-O
Be7 9. Ne5 O-O 10. Qf3 Bb7 11. Rd1 Qc7 12. Qh3 Nbd7 13. Nxd7 Qxd7 14. Bc2 g6
15. e4 b4 16. Na4 Rad8 17. Bh6 Rfe8 18. Nc5 Qc8 19. Bg5 Nd7 20. Nxe6 Bxg5 21.
Nxg5 Nf8 22. Qf3 Re7 23. Bb3 Qc7 24. Rac1 h6 25. Nh3 Red7 26. Qe3 Qb6 27. Qxh6
Rxd4 28. Rxd4 Qxd4 29. Qf4 Ne6 30. Qh6 c5 31. Ng5 Nxg5 32. Qxg5 Bxe4 33. Qxc5
Qf6 34. Qe3 Bc6 35. h4 Rd6 36. h5 gxh5 37. Rc5 h4 38. Rg5+ Kf8 39. Rg4 Bd5 40.
Rxb4 Qxb2 41. Rb8+ Kg7 42. Qg5+ Rg6 43. Qxd5 Qc1+ 44. Qd1 Qc3 45. Rd8 h3 46.
Qd4+ Qxd4 47. Rxd4 Rxg2+ 48. Kh1 Rxf2 49. Rh4 Kf8 50. Rxh3 Rf5 51. Kg2 a5 52.
Rf3 Rg5+ 53. Kf2 Ke7 54. Rxf7+ Kd6 55. Ke3 Kc6 56. Rf4 Rh5 57. Kd4 Kb5 58. Kc3
Rh3+ 59. Kb2 Rh2+ 60. Ka3 Rh5 61. Bc4+ Kc5 62. Ka4 Kb6 63. Bd3 Rh2 64. Bc4 Rh5
65. Rf6+ Kc5 66. Bb3 1-0

[Event "SR 1. liga zapad 2015/2016"]
[Site "?"]
[Date "2015.10.25"]
[Round "2.6"]
[White "Puchovsky, Ladislav"]
[Black "Doucha, Ludvig"]
[Result "0-1"]
[WhiteElo "1954"]
[BlackElo "1992"]
[PlyCount "108"]
[EventDate "2015.??.??"]

1. d4 Nf6 2. Nf3 g6 3. Bf4 Bg7 4. h3 O-O 5. e3 b6 6. Nbd2 Bb7 7. Be2 c5 8. c3
d6 9. O-O Nbd7 10. Qc2 Re8 11. Rad1 Qc7 12. Bh2 Rac8 13. Rfe1 a6 14. Nh4 b5 15.
Bf3 Bxf3 16. Ndxf3 cxd4 17. exd4 b4 18. Rc1 bxc3 19. bxc3 Nb6 20. Qb3 Bh6 21.
Rc2 Nfd5 22. Rb1 Nc4 23. Re1 Qc6 24. Rce2 Rb8 25. Qc2 Rb2 26. Qd3 Reb8 27. g4
e6 28. g5 Bg7 29. Ng2 Na3 30. Qe4 Rxe2 31. Rxe2 Bf8 32. Ne3 Rb5 33. Ng4 Qxc3
34. Nh6+ Bxh6 35. gxh6 Qc1+ 36. Re1 Qxh6 37. Bxd6 Nc4 38. Bg3 Qxh3 39. Ng5 Qf5
40. Qh4 h5 41. Ne4 Kg7 42. Qd8 Nf6 43. Nd6 Nxd6 44. Bxd6 Ng4 45. Bg3 Rd5 46.
Qa8 a5 47. Qa7 Qg5 48. Kf1 h4 49. Be5+ Nxe5 50. dxe5 h3 51. Qe3 Qg2+ 52. Ke2 h2
53. Qf4 h1=Q 54. Qf6+ Kg8 0-1

[Event "SR 1. liga zapad 2015/2016"]
[Site "?"]
[Date "2015.11.14"]
[Round "3.1"]
[White "Motuz, Karol"]
[Black "Pacher, Milan"]
[Result "0-1"]
[WhiteElo "2328"]
[BlackElo "2504"]
[PlyCount "142"]
[EventDate "2015.??.??"]

1. d4 Nf6 2. c4 g6 3. Nc3 Bg7 4. e4 d6 5. h3 O-O 6. Nf3 Na6 7. Be3 e5 8. d5 Ne8
9. g4 Nc5 10. b4 Nd7 11. Nd2 a5 12. a3 Bf6 13. Nb3 axb4 14. axb4 Rxa1 15. Qxa1
Bg5 16. Qc1 Bxe3 17. Qxe3 Ng7 18. Rg1 b6 19. Bd3 Nb8 20. Ne2 Na6 21. b5 Nc5 22.
Nxc5 bxc5 23. Qh6 Bd7 24. Rg3 Qa8 25. Kf1 Qa1+ 26. Kg2 Ra8 27. Qc1 Qxc1 28.
Nxc1 Ra1 29. Nb3 Ra2 30. Nc1 Rb2 31. Rf3 h5 32. Kg3 hxg4 33. hxg4 Rd2 34. Ne2
Rd1 35. Kh4 Kf8 36. Ng3 Ke7 37. Be2 Ra1 38. Kg5 Ne8 39. Re3 Nf6 40. Kh4 Ra8 41.
Nf1 Rh8+ 42. Kg3 Nxe4+ 43. Kg2 f5 44. f3 Nf6 45. gxf5 Bxf5 46. Ra3 Nd7 47. Ra7
Rc8 48. Ne3 Nb6 49. Kg3 Kf6 50. Bf1 Kg5 51. Be2 Nd7 52. Bf1 Nf6 53. Ra6 Nh5+
54. Kf2 Nf4 55. Nxf5 gxf5 56. Rc6 Ra8 57. Rxc7 Ra2+ 58. Ke3 Ra1 59. Kf2 e4 60.
fxe4 fxe4 61. Re7 Nd3+ 62. Bxd3 exd3 63. Re1 Ra4 64. Rb1 Kf4 65. b6 Ra2+ 66.
Kf1 Rh2 67. Kg1 Rh8 68. b7 Rb8 69. Kf2 Ke4 70. Rb6 Kd4 71. Ke1 Kc3 0-1

[Event "SR 1. liga zapad 2015/2016"]
[Site "?"]
[Date "2015.11.14"]
[Round "3.2"]
[White "Chovan, Milan Ml"]
[Black "Jakubek, Peter"]
[Result "1/2-1/2"]
[WhiteElo "2249"]
[BlackElo "2197"]
[PlyCount "77"]
[EventDate "2015.??.??"]

1. c4 c6 2. Nf3 d5 3. e3 Nf6 4. Nc3 g6 5. b3 Bg7 6. Bb2 O-O 7. Be2 Ne4 8. Qc1
Bg4 9. O-O Na6 10. d4 e6 11. Rd1 Nc7 12. h3 Bxf3 13. Bxf3 f5 14. Qc2 Qh4 15.
Ba3 Rf7 16. Bxe4 fxe4 17. Bd6 Ne8 18. Bg3 Qe7 19. Rab1 Bf6 20. b4 Ng7 21. b5
Nh5 22. Bh2 Bh4 23. Rd2 Raf8 24. Nd1 Qg5 25. Bd6 Rd8 26. bxc6 bxc6 27. c5 Rf3
28. Kh1 Rf7 29. a4 Qf5 30. a5 Be7 31. Bh2 g5 32. Nc3 g4 33. hxg4 Qxg4 34. Qd1
Qh4 35. Qe1 Rdf8 36. f4 exf3 37. Qxh4 Bxh4 38. gxf3 Rxf3 39. Nd1 1/2-1/2

[Event "SR 1. liga zapad 2015/2016"]
[Site "?"]
[Date "2015.11.14"]
[Round "3.3"]
[White "Obona, Jan"]
[Black "Banas, Jan"]
[Result "1/2-1/2"]
[WhiteElo "2205"]
[BlackElo "2267"]
[PlyCount "36"]
[EventDate "2015.??.??"]

1. Nf3 d6 2. c4 f5 3. d4 Nf6 4. Nc3 e6 5. Qc2 Nc6 6. d5 Ne7 7. dxe6 Bxe6 8. Bg5
Nc6 9. Nd5 Be7 10. Nxe7 Qxe7 11. e3 h6 12. Bxf6 Qxf6 13. Be2 O-O 14. g3 Rae8
15. O-O Kh8 16. Rad1 b6 17. a3 a5 18. Nd4 Nxd4 1/2-1/2

[Event "SR 1. liga zapad 2015/2016"]
[Site "?"]
[Date "2015.11.14"]
[Round "3.4"]
[White "Jancovic, Peter"]
[Black "Chovanec, Milan"]
[Result "1-0"]
[WhiteElo "2178"]
[BlackElo "2143"]
[PlyCount "73"]
[EventDate "2015.??.??"]

1. d4 d5 2. c4 Nc6 3. Bf4 e6 4. e3 Nf6 5. Nc3 Bb4 6. Rc1 Ne4 7. Nf3 g5 8. Bg3
h5 9. h3 Nxg3 10. fxg3 Qd6 11. Kf2 Bxc3 12. Rxc3 h4 13. g4 Bd7 14. cxd5 exd5
15. Bb5 Qg3+ 16. Kf1 f6 17. Qe1 Qd6 18. Ke2 O-O-O 19. Kd1 Be8 20. Rf1 Nb4 21.
Bxe8 Rhxe8 22. a3 Nc6 23. Qf2 Re6 24. Nd2 Rde8 25. Nb3 b6 26. Kd2 Nd8 27. Rfc1
c6 28. Na1 a5 29. b4 axb4 30. axb4 Qxb4 31. Nc2 Qd6 32. Qf1 Qg3 33. Ra1 Kd7 34.
Ra7+ Kd6 35. Nb4 Rxe3 36. Qxf6+ R3e6 37. Qxd8+ 1-0

[Event "SR 1. liga zapad 2015/2016"]
[Site "?"]
[Date "2015.11.14"]
[Round "3.5"]
[White "Capak, Stefan"]
[Black "Briestenska, Andrea"]
[Result "1/2-1/2"]
[WhiteElo "2001"]
[BlackElo "1964"]
[PlyCount "23"]
[EventDate "2015.??.??"]

1. d4 Nf6 2. Nf3 d6 3. g3 c6 4. Bg2 Qc7 5. O-O e5 6. dxe5 dxe5 7. b3 Be7 8. Bb2
Nbd7 9. Nbd2 e4 10. Ng5 e3 11. Nde4 h6 12. Nxf6+ 1/2-1/2

[Event "SR 1. liga zapad 2015/2016"]
[Site "?"]
[Date "2015.11.14"]
[Round "3.6"]
[White "Stehlik, Peter"]
[Black "Gombar, Peter"]
[Result "1/2-1/2"]
[WhiteElo "2010"]
[BlackElo "1989"]
[PlyCount "86"]
[EventDate "2015.??.??"]

1. Nf3 d5 2. d4 Nf6 3. g3 e6 4. Bg2 Be7 5. c4 dxc4 6. Nc3 O-O 7. Ne5 c5 8. e3
Qc7 9. Qa4 Na6 10. Nb5 Qb6 11. Nxc4 Qd8 12. O-O Nd5 13. Qb3 Nac7 14. Nxc7 Qxc7
15. e4 Nb6 16. Bf4 Qd8 17. d5 Nxc4 18. Qxc4 exd5 19. exd5 Bd6 20. Rac1 b6 21.
b4 cxb4 22. Bxd6 Qxd6 23. Qc6 Qxc6 24. dxc6 a5 25. c7 Ra7 26. Rfd1 g6 27. Rd6
a4 28. Rxb6 b3 29. axb3 a3 30. Rb4 Re8 31. Ra4 Rxc7 32. Ra1 Bb7 33. R4xa3 Bxg2
34. Kxg2 Rb7 35. Rd1 Reb8 36. Rd3 Rc8 37. Kh3 Rc2 38. Rf3 Rb2 39. Kg4 Kg7 40.
h4 h5+ 41. Kh3 Kh6 42. Kg2 Kg7 43. Kf1 Rc7 1/2-1/2

[Event "SR 1. liga zapad 2015/2016"]
[Site "?"]
[Date "2015.11.14"]
[Round "3.7"]
[White "Magerciak, Roman"]
[Black "Hlavina, Lubomir Ml"]
[Result "0-1"]
[WhiteElo "1962"]
[BlackElo "1954"]
[PlyCount "68"]
[EventDate "2015.??.??"]

1. d4 d5 2. c4 c6 3. Nf3 Nf6 4. e3 e6 5. Nc3 Nbd7 6. Qc2 Be7 7. Bd3 dxc4 8.
Bxc4 b5 9. Bd3 Bb7 10. Bd2 a6 11. Ne4 Nxe4 12. Bxe4 Rc8 13. b4 Nf6 14. Bd3 O-O
15. O-O h6 16. Ne5 Qd5 17. f3 c5 18. Be4 Nxe4 19. fxe4 cxd4 20. exd5 Rxc2 21.
Rf2 dxe3 22. Bxe3 Rxf2 23. Bxf2 Bxd5 24. Nd7 Rd8 25. Nc5 Bxa2 26. Nxa6 Rd2 27.
g3 Bf6 28. Rc1 Bc4 29. Nc5 Bd4 30. Bxd4 Rxd4 31. Ra1 Bd5 32. Na6 Rd2 33. Ra5
Rg2+ 34. Kf1 Rxh2 0-1